Welcome to WEB OPAC of MRSPTU Central Library

Elements of heat and mass transfer (Record no. 4902)

MARC details
000 -LEADER
fixed length control field 00401nam a2200157Ia 4500
008 - FIXED-LENGTH DATA ELEMENTS--GENERAL INFORMATION
fixed length control field 230711s9999||||xx |||||||||||||| ||und||
041 ## - LANGUAGE CODE
Language code of text/sound track or separate title ENG
082 ## - DEWEY DECIMAL CLASSIFICATION NUMBER
Classification number 621
Item number GU-E
100 ## - MAIN ENTRY--PERSONAL NAME
Personal name Gupta,Vijay
245 #0 - TITLE STATEMENT
Title Elements of heat and mass transfer
250 ## - EDITION STATEMENT
Edition statement 1st . Ed.
260 ## - PUBLICATION, DISTRIBUTION, ETC.
Date of publication, distribution, etc. 2007
Place of publication, distribution, etc. New Delhi
Name of publisher, distributor, etc. New Age International Publishers
300 ## - PHYSICAL DESCRIPTION
Extent 462
650 ## - SUBJECT ADDED ENTRY--TOPICAL TERM
Topical term or geographic name entry element Mechanical Engineering
942 ## - ADDED ENTRY ELEMENTS (KOHA)
Koha item type Book
Holdings
Withdrawn status Lost status Damaged status Not for loan Collection Home library Current library Date acquired Total checkouts Full call number Barcode Date last seen Price effective from Koha item type
          MRSPTU Central Library MRSPTU Central Library     621 GU-E 17586 08/17/2023 08/17/2023 Book
          MRSPTU Central Library MRSPTU Central Library     621 GU-E 17587 08/17/2023 08/17/2023 Book
          MRSPTU Central Library MRSPTU Central Library     621 GU-E 17588 08/17/2023 08/17/2023 Book
          MRSPTU Central Library MRSPTU Central Library     621 GU-E 17589 08/17/2023 08/17/2023 Book
          MRSPTU Central Library MRSPTU Central Library     621 GU-E 17590 08/17/2023 08/17/2023 Book
          MRSPTU Central Library MRSPTU Central Library     621 GU-E 17591 08/17/2023 08/17/2023 Book
          MRSPTU Central Library MRSPTU Central Library     621 GU-E 17592 08/17/2023 08/17/2023 Book
          MRSPTU Central Library MRSPTU Central Library     621 GU-E 17593 08/17/2023 08/17/2023 Book
          MRSPTU Central Library MRSPTU Central Library     621 GU-E 17594 08/17/2023 08/17/2023 Book
          MRSPTU Central Library MRSPTU Central Library     621 GU-E 17595 08/17/2023 08/17/2023 Book
          MRSPTU Central Library MRSPTU Central Library     621 GU-E 17596 08/17/2023 08/17/2023 Book
          MRSPTU Central Library MRSPTU Central Library     621 GU-E 17597 08/17/2023 08/17/2023 Book
          MRSPTU Central Library MRSPTU Central Library     621 GU-E 17598 08/17/2023 08/17/2023 Book
          MRSPTU Central Library MRSPTU Central Library     621 GU-E 17599 08/17/2023 08/17/2023 Book
          MRSPTU Central Library MRSPTU Central Library     621 GU-E 17600 08/17/2023 08/17/2023 Book

Website Designed and Developed by MRSPTU Central Library Team

E-mail Id: librarian@mrsptu.ac.in